Twentieth century drawings
Saved in:
| Hovedforfatter: | |
|---|---|
| Format: | Bog |
| Sprog: | engelsk |
| Udgivet: |
Londres
Pleiades Book
1946
|
| Udgivelse: | 1a. ed |
| Serier: | Pleiades Art Book
|
| Fag: | |
| Tags: |
Tilføj Tag
Ingen Tags, Vær først til at tagge denne postø!
|
MARC
| LEADER | 00000cam a2200000 a 4500 | ||
|---|---|---|---|
| 001 | UCF9739 | ||
| 003 | CL-VaPUC | ||
| 008 | 131213e19460000uk |||||||||||||||||eng|d | ||
| 082 | 0 | 4 | |a 741.973 |b REY |2 21 |
| 100 | 0 | |a Reynolds, Graham |e author |9 572131 | |
| 245 | 1 | 0 | |a Twentieth century drawings |
| 250 | |a 1a. ed | ||
| 300 | |a pág. irreg | ||
| 942 | |c BK | ||
| 945 | |d 20131213 11:12:00 |a dcastane | ||
| 260 | |a Londres |b Pleiades Book |c 1946 | ||
| 650 | 0 | |a Arte |y Siglo 20 |9 267709 | |
| 650 | 0 | |a Dibujos |9 264123 | |
| 650 | 0 | |a Arte contemporáneo |y Siglo 20 |9 550908 | |
| 583 | |a last modification |c 20131213 11:12:00 |k Rodrigo Vera | ||
| 490 | 0 | |a Pleiades Art Book | |
| 999 | |c 354150 |d 354148 | ||
| 952 | |0 0 |1 0 |3 erd |4 0 |6 741_973000000000000_REY_1946 |7 0 |8 R |9 459810 |a BIBART |b BIBART |i 5003237 |o 741.973 REY 1946 |p 5003237 |r 2025-03-13 |w 2019-11-23 |y BK_R |z Catalogado en:20131213 |k ART | ||